000 01498cam a2200289 a 4500
001 692175
005 20210414113842.0
008 881104s1988 cauaf b 001 0 eng d
010 _a 87081165
020 _a0155726706 9780155726703
035 _a(OCoLC)17913063
035 _a(OCoLC)ocm17913063
035 _a(CStRLIN)NYCG88-B78596
035 _a(NNC)692175
040 _aNNC
_cNNC
050 _aBF121.Or76
100 1 _aOrnstein, Robert E.
_q(Robert Evan),
_d1942-
245 1 0 _aPsychology, the study of human experience/
_cRobert Ornstein.
260 _aSan Diego :
_bHarcourt Brace Jovanovich,
_cc1985.
300 _axiv, 766 p., [16] p. of plates :
_bill. (some col.) ;
_c26 cm.
500 _aIncludes index.
504 _aBibliography: p. 714-746.
505 _aContents: The Study of human experience -- Where we come from: evolution and genetics -- Early development (Birth to adolescence) -- The Brain and nervous system -- Sensory experience -- Perceiving the world -- The Varieties of consciousness -- The Basics of learning -- Remembering and forgetting -- Thinking and language -- The Concept and the controversy of intelligence -- Emotions and feelings -- Needs and goals -- The Puzzle of Personality -- The Problems of everyday life -- Psychological disorders -- Psychotherapies -- Social psychology -- Development in adulthood -- Statistics: Making sense of fallible data -- Glossary -- References.
650 0 _aPsychology.
942 _2lcc
_cBK
999 _c61
_d7561